[Event "Dundee & Angus Open Rd5"]
[Site "?"]
[Date "2008.??.??"]
[Round "?"]
[White "Dawson, Alistair G"]
[Black "Schwartz, Julius"]
[Result "1/2-1/2"]
[WhiteElo "1776"]
[BlackElo "1676"]
[PlyCount "57"]
[EventDate "2008.??.??"]

1. c4 e5 2. Nc3 Nc6 3. Nf3 Nf6 4. a3 a5 5. d4 exd4 6. Nxd4 Bc5 7. Nxc6 bxc6 8.
g3 O-O 9. Bg2 Bb7 10. O-O d5 11. Na4 Qe7 12. Nxc5 Qxc5 13. cxd5 cxd5 14. Be3
Qe7 15. Rc1 Rfe8 16. Re1 Rad8 17. Bg5 c5 18. Qa4 d4 19. Bxf6 gxf6 20. Bxb7 Qxb7
21. Qxa5 Qxb2 22. Rb1 Qc2 23. Rbc1 Qe4 24. Qxc5 d3 25. exd3 Qxe1+ 26. Rxe1
Rxe1+ 27. Kg2 Rxd3 28. h4 Ra1 29. Qc8+ 1/2-1/2

[Event "Dundee & Angus Challengers Rd1"]
[Site "?"]
[Date "2008.??.??"]
[Round "?"]
[White "Irving, Neil"]
[Black "Morrison, George"]
[Result "1/2-1/2"]
[WhiteElo "1683"]
[BlackElo "1556"]
[PlyCount "99"]

1. d4 d5 2. c4 e6 3. Nf3 Nf6 4. Bg5 Be7 5. Nc3 O-O 6. e3 Nc6 7. Rc1 Ne8 8. Bf4
Bf6 9. Bd3 Ne7 10. O-O c6 11. Bg3 Ng6 12. b4 Nd6 13. cxd5 cxd5 14. Qb3 b6 15.
Nxd5 exd5 16. Qxd5 Nb7 17. Be4 Qxd5 18. Bxd5 Ne7 19. Be4 a5 20. Rxc8 Raxc8 21.
Bxb7 Rc2 22. bxa5 bxa5 23. a3 Rb2 24. Be4 Rc8 25. Bd6 Kf8 26. g3 h6 27. Kg2 Ke8
28. Rb1 Rxb1 29. Bxb1 Rc1 30. Bd3 Kd7 31. Bc5 Nd5 32. Bb5+ Kc8 33. e4 Nc7 34.
Bd3 Ne6 35. Bb6 Kb7 36. Bxa5 Nxd4 37. Nxd4 Bxd4 38. Bb4 Ra1 39. Bc4 f6 40. Bf8
g5 41. f3 h5 42. Bf7 g4 43. fxg4 hxg4 44. h3 gxh3+ 45. Kxh3 Re1 46. Bd5+ Kc7
47. a4 Re3 48. Kh4 Be5 49. g4 Kd7 50. g5 1/2-1/2

[Event "Dundee & Angus Challengers Rd1"]
[Site "?"]
[Date "2008.??.??"]
[Round "?"]
[White "Roy, Bappa"]
[Black "Harrold, Bruce"]
[Result "1-0"]
[WhiteElo "1599"]
[BlackElo "1684"]
[PlyCount "79"]

1. e4 c5 2. d4 cxd4 3. c3 dxc3 4. Nxc3 Nc6 5. Nf3 e6 6. Bc4 a6 7. O-O b5 8. Bb3
Bc5 9. Qe2 Nge7 10. Bg5 d6 11. Rfd1 O-O 12. Rac1 Qb6 13. Bf4 Rd8 14. Ng5 Ng6
15. Bg3 h6 16. Nf3 Bb7 17. Bc2 Nce5 18. Nh4 Rd7 19. Kh1 Nxh4 20. Bxh4 Ng6 21.
Bg3 Rad8 22. h4 Qc6 23. h5 Nf8 24. f3 Qb6 25. Bh4 Rc8 26. f4 Be3 27. Qg4 Bxc1
28. Rxc1 Nh7 29. f5 Qe3 30. Re1 Qd2 31. fxe6 fxe6 32. Qxe6+ Rf7 33. Bb3 Ng5 34.
Qd7 d5 35. Qg4 Re7 36. Bxd5+ Bxd5 37. Qxc8+ Kh7 38. Qf5+ Kg8 39. Qxd5+ Qxd5 40.
exd5 1-0

[Event "Dundee & Angus Challengers Rd1"]
[Site "?"]
[Date "2008.??.??"]
[Round "?"]
[White "MacKintosh, Ken"]
[Black "Siddall, David"]
[Result "0-1"]
[WhiteElo "1552"]
[BlackElo "1661"]
[PlyCount "54"]

1. e4 c5 2. Nf3 Nc6 3. d4 cxd4 4. Nxd4 Nf6 5. Nc3 d6 6. f3 e5 7. Nb3 Be6 8. Bg5
Be7 9. Qd2 O-O 10. O-O-O d5 11. exd5 Nxd5 12. Bxe7 Ndxe7 13. Qg5 Qb6 14. Ne4 f6
15. Qg3 Nf5 16. Qe1 Nb4 17. Kb1 Rac8 18. Bd3 Ne3 19. Rd2 Nbd5 20. g4 a5 21. h4
a4 22. Na1 Nb4 23. b3 Rfd8 24. Qe2 Ned5 25. Rc1 Qa5 26. c4 Nf4 27. Qd1 Rxd3 0-1

[Event "Dundee & Angus Challengers Rd1"]
[Site "?"]
[Date "2008.??.??"]
[Round "?"]
[White "MacRae, James"]
[Black "Clifford, John"]
[Result "0-1"]
[WhiteElo "1611"]
[BlackElo "1776"]
[PlyCount "82"]

1. d4 d5 2. Nf3 c6 3. c3 h6 4. Bf4 Bf5 5. e3 Nf6 6. h3 e6 7. Bd3 Bxd3 8. Qxd3
Bd6 9. Bxd6 Qxd6 10. O-O Nbd7 11. Nbd2 O-O 12. Rfe1 c5 13. c4 b6 14. Rac1 Rac8
15. Rc2 Rc7 16. Rec1 Rfc8 17. b3 Qe7 18. Rc3 dxc4 19. Nxc4 Nd5 20. Nce5 Nxc3
21. Rxc3 cxd4 22. Rxc7 Rxc7 23. Nxd7 Qxd7 24. exd4 Qd6 25. g3 Rc1+ 26. Kg2 Qc6
27. Qe3 Rc3 28. Qf4 f5 29. h4 Rc2 30. g4 Qd5 31. Kg3 Rc3 32. Kg2 a5 33. g5 hxg5
34. hxg5 Kf7 35. g6+ Kxg6 36. Qg3+ Kf7 37. Qh3 Ke7 38. Qh4+ Kd7 39. Qh5 Kd6 40.
Qh3 g5 41. Qg3+ Kc6 0-1

[Event "Dundee & Angus Challengers Rd1"]
[Site "?"]
[Date "2008.??.??"]
[Round "?"]
[White "Murray, Frankie"]
[Black "McIntee, Chris"]
[Result "1/2-1/2"]
[WhiteElo "1607"]
[BlackElo "1730"]
[PlyCount "84"]

1. e4 e5 2. Nf3 Nc6 3. Bb5 f5 4. Nc3 Nf6 5. exf5 e4 6. Qe2 Qe7 7. Bxc6 dxc6 8.
Nh4 Bd7 9. b3 O-O-O 10. Bb2 Qc5 11. g4 Bd6 12. O-O-O Rhe8 13. g5 Nd5 14. Nxe4
Qa5 15. Nxd6+ cxd6 16. Qd3 Qxa2 17. Qd4 Re5 18. Qa4 Qxa4 19. bxa4 Re4 20. Nf3
Bxf5 21. Nd4 g6 22. f3 Rf4 23. Rde1 c5 24. Nxf5 gxf5 25. Bf6 Rf8 26. Be7 Nxe7
27. Rxe7 Rg8 28. Rxh7 Rxg5 29. Re1 Rg8 30. Ree7 Rb4 31. c3 Rb6 32. a5 Ra6 33.
Rxb7 Rxa5 34. Rxa7 Rxa7 35. Rxa7 Kb8 36. Rf7 Rg2 37. Rxf5 Rxh2 38. Rf7 Kc8 39.
f4 Rh1+ 40. Kc2 c4 41. f5 Rf1 42. f6 Kd8 1/2-1/2

[Event "Dundee & Angus Challengers Rd1"]
[Site "?"]
[Date "2008.??.??"]
[Round "?"]
[White "Clegg, Robert"]
[Black "Chapman, Nigel"]
[Result "1/2-1/2"]
[WhiteElo "1688"]
[BlackElo "1601"]
[PlyCount "40"]

1. d4 d5 2. c4 e6 3. Nc3 Nf6 4. cxd5 exd5 5. Bg5 Be7 6. e3 O-O 7. Bd3 b6 8. Rc1
Bb7 9. f3 Nbd7 10. Nge2 h6 11. Bh4 Re8 12. O-O Nf8 13. Qc2 Ne6 14. Bf2 c5 15.
Qd2 Rc8 16. Ng3 Bf8 17. Bb1 g6 18. Qd3 Bg7 19. f4 cxd4 20. Nce2 dxe3 1/2-1/2

[Event "Dundee & Angus Challengers Rd1"]
[Site "?"]
[Date "2008.??.??"]
[Round "?"]
[White "Egbaiyelo, Ade"]
[Black "Loughran, Robert"]
[Result "1-0"]
[WhiteElo "1650"]
[BlackElo "1542"]
[PlyCount "71"]

1. d4 Nf6 2. Bg5 d5 3. Bxf6 exf6 4. e3 Bd6 5. c4 c6 6. Nd2 Be6 7. Qc2 O-O 8. g3
Bb4 9. Ne2 Bxd2+ 10. Qxd2 dxc4 11. Bg2 Na6 12. a3 Nc7 13. O-O Qd7 14. Rad1 f5
15. f3 Nd5 16. e4 fxe4 17. fxe4 Ne7 18. d5 Bg4 19. Qc2 cxd5 20. exd5 Rac8 21.
Rd4 Bxe2 22. Qxe2 b5 23. Qf2 c3 24. bxc3 Rxc3 25. Rfd1 Qd6 26. Re4 Ng6 27. Qxa7
Rxa3 28. Qd4 Ra4 29. Qe3 Rxe4 30. Qxe4 Rb8 31. Rc1 Ne7 32. Qf4 Qb6+ 33. Kh1 Rd8
34. Rc7 Kf8 35. h4 Rd6 36. Rc6 1-0

[Event "Dundee & Angus Challengers Rd1"]
[Site "?"]
[Date "2008.??.??"]
[Round "?"]
[White "Campbell, Eoin"]
[Black "Clinton, William"]
[Result "1-0"]
[WhiteElo "1767"]
[BlackElo "1609"]
[PlyCount "45"]

1. Nf3 Nf6 2. c4 c5 3. Nc3 g6 4. e4 d6 5. d4 cxd4 6. Nxd4 Bg7 7. Be2 O-O 8. O-O
Bd7 9. Be3 Nc6 10. Qd2 Rc8 11. Rfd1 a6 12. f3 Nxd4 13. Bxd4 Bc6 14. b4 Ne8 15.
Bxg7 Nxg7 16. b5 axb5 17. cxb5 Qb6+ 18. Kh1 Be8 19. Nd5 Qd8 20. Rac1 Rxc1 21.
Rxc1 Ne6 22. Rc8 Qd7 23. Nb6 1-0

[Event "Dundee & Angus Challengers Rd2"]
[Site "?"]
[Date "2008.??.??"]
[Round "?"]
[White "Stevenson, Frank"]
[Black "Flockhart, Hugh"]
[Result "1/2-1/2"]
[WhiteElo "1636"]
[BlackElo "1767"]
[PlyCount "78"]

1. d4 Nf6 2. Nf3 g6 3. c4 c5 4. d5 b5 5. cxb5 a6 6. Nc3 axb5 7. Nxb5 Qa5+ 8.
Nc3 d6 9. g3 Bg7 10. Bd2 O-O 11. Bg2 Nbd7 12. O-O Nb6 13. e4 Nc4 14. Qc2 Nxd2
15. Nxd2 Ba6 16. Rfe1 Ng4 17. Nf3 Rfb8 18. Rac1 Rb4 19. h3 Ne5 20. Nxe5 Bxe5
21. b3 Rab8 22. Nb1 c4 23. Qd2 cxb3 24. axb3 Qb6 25. Rc6 Qb7 26. Nc3 Rxb3 27.
Rc1 Rb2 28. Qd1 Qa7 29. Qe1 Bd4 30. Nd1 Rb1 31. Rc7 Qb6 32. R7c6 Qb3 33. Rxb1
Qxb1 34. Rxa6 Rb2 35. Qf1 Rd2 36. Ne3 Qb2 37. Ra8+ Kg7 38. Rc8 Qb3 39. Rc1 Rxf2
1/2-1/2

[Event "Dundee & Angus Challengers Rd2"]
[Site "?"]
[Date "2008.??.??"]
[Round "?"]
[White "Rough, Robert"]
[Black "Will, Douglas"]
[Result "1/2-1/2"]
[WhiteElo "1607"]
[BlackElo "1737"]
[PlyCount "75"]

1. d4 Nf6 2. Bf4 g6 3. e3 Bg7 4. Nf3 O-O 5. Be2 d6 6. O-O Nh5 7. Bg5 h6 8. Bh4
g5 9. Nfd2 Nf6 10. Bg3 Bf5 11. h3 Nc6 12. Nf3 Qe8 13. c3 e5 14. dxe5 dxe5 15.
Nbd2 Ne4 16. Nxe4 Bxe4 17. Qb3 Kh8 18. Rfd1 f5 19. Nd2 Bxg2 20. Kxg2 f4 21. Bh2
e4 22. exf4 gxf4 23. Nxe4 Qxe4+ 24. Bf3 Qg6+ 25. Kh1 Ne5 26. Rg1 Qd3 27. Bg4
Qe4+ 28. Rg2 Nxg4 29. hxg4 Rad8 30. Rd1 Bf6 31. Rxd8 Rxd8 32. Qf7 Rd1+ 33. Bg1
Qe5 34. Qf8+ Kh7 35. Qf7+ Bg7 36. Qf5+ Kh8 37. Qxe5 Bxe5 38. f3 1/2-1/2

[Event "Dundee & Angus Challengers Rd2"]
[Site "?"]
[Date "2008.??.??"]
[Round "?"]
[White "Morrison, George"]
[Black "Clegg, Robert"]
[Result "1-0"]
[WhiteElo "1556"]
[BlackElo "1668"]
[PlyCount "63"]

1. e4 e6 2. d4 d5 3. exd5 exd5 4. Nf3 Bd6 5. Bd3 Nc6 6. O-O Nge7 7. Bg5 Nb4 8.
Be2 Bf5 9. Na3 a6 10. c3 Nbc6 11. Re1 f6 12. Be3 Qd7 13. Nc2 O-O 14. Qd2 Bg6
15. b3 f5 16. Bf4 Nc8 17. Ne5 Bxe5 18. dxe5 Nb6 19. c4 Rad8 20. Rad1 Kh8 21.
cxd5 Qxd5 22. Qxd5 Nxd5 23. Bg5 Nce7 24. Bf3 f4 25. Nb4 Nxb4 26. Bxe7 Nd3 27.
Rxd3 Bxd3 28. Bxd8 Rxd8 29. Rd1 Rd7 30. e6 Rd6 31. Rxd3 Rxd3 32. e7 1-0

[Event "Dundee & Angus Challengers Rd2"]
[Site "?"]
[Date "2008.??.??"]
[Round "?"]
[White "Clifford, John"]
[Black "Aitchison, Keith"]
[Result "1/2-1/2"]
[WhiteElo "1776"]
[BlackElo "1626"]
[PlyCount "43"]

1. d4 Nf6 2. c4 d5 3. Nc3 g6 4. Bg5 c6 5. Nf3 Bg7 6. e3 O-O 7. Qc2 Nbd7 8. h3
Re8 9. Bf4 Qa5 10. a3 dxc4 11. Bxc4 Nd5 12. O-O Nxf4 13. exf4 Nb6 14. Bd3 Nd5
15. Nxd5 Qxd5 16. Bc4 Qf5 17. Qxf5 Bxf5 18. Ne5 Bxe5 19. dxe5 e6 20. Rac1 Be4
21. Rfd1 Rad8 22. Be2 1/2-1/2

[Event "Dundee & Angus Challengers Rd2"]
[Site "?"]
[Date "2008.??.??"]
[Round "?"]
[White "Siddall, David"]
[Black "Van Mulken, Nanning"]
[Result "1-0"]
[WhiteElo "1661"]
[BlackElo "1489"]
[PlyCount "45"]

1. d4 Nf6 2. Nf3 e6 3. c4 b6 4. g3 Ba6 5. Qc2 c5 6. Bg2 Bb7 7. O-O cxd4 8. Nxd4
Bxg2 9. Kxg2 Bc5 10. e3 O-O 11. Rd1 Qc7 12. Nd2 Nc6 13. N2b3 Nb4 14. Qe2 Qb7+
15. f3 Be7 16. e4 d5 17. cxd5 exd5 18. e5 Nd7 19. a3 Nc6 20. Nxc6 Qxc6 21. Nd4
Qc4 22. Qxc4 dxc4 23. Nc6 1-0

[Event "Dundee & Angus Challengers Rd2"]
[Site "?"]
[Date "2008.??.??"]
[Round "?"]
[White "Chapman, Nigel"]
[Black "Irving, Neil"]
[Result "1/2-1/2"]
[WhiteElo "1601"]
[BlackElo "1683"]
[PlyCount "40"]

1. e4 c6 2. c4 d5 3. cxd5 cxd5 4. exd5 Nf6 5. Nc3 Nxd5 6. Nf3 Nc6 7. Bb5 Nxc3
8. bxc3 Bd7 9. d4 e6 10. O-O Be7 11. Re1 O-O 12. Bxc6 Bxc6 13. Ne5 Qd5 14. Nxc6
Qxc6 15. Qb3 b5 16. d5 Qc4 17. Qxc4 bxc4 18. dxe6 fxe6 19. Rxe6 Bf6 20. Ba3
Rfe8 1/2-1/2

[Event "Dundee & Angus Challengers Rd2"]
[Site "?"]
[Date "2008.??.??"]
[Round "?"]
[White "Chalmers, Bruce"]
[Black "Egbaiyelo, Ade"]
[Result "0-1"]
[WhiteElo "1372"]
[BlackElo "1650"]
[PlyCount "38"]

1. d4 Nf6 2. Nf3 e6 3. e3 b6 4. Bd3 Bb7 5. O-O Be7 6. c4 O-O 7. Nc3 d5 8. cxd5
exd5 9. Qc2 c5 10. b3 Nc6 11. Qe2 Rc8 12. dxc5 bxc5 13. Rd1 Re8 14. Bb5 d4 15.
Na4 Qd5 16. Bb2 Bd6 17. Qf1 Qh5 18. exd4 Nxd4 19. Bxd4 Bxf3 0-1

[Event "Dundee & Angus Challengers Rd2"]
[Site "?"]
[Date "2008.??.??"]
[Round "?"]
[White "Smith, John SR"]
[Black "Murray, Frankie"]
[Result "1/2-1/2"]
[WhiteElo "1738"]
[BlackElo "1607"]
[PlyCount "66"]

1. e4 e5 2. Nf3 Nc6 3. Bb5 a6 4. Ba4 Nf6 5. O-O Be7 6. Re1 b5 7. Bb3 d6 8. c3
O-O 9. h3 Bb7 10. d4 Re8 11. Nbd2 Bf8 12. d5 Nb8 13. Nf1 Nbd7 14. Ng3 Nc5 15.
Bc2 c6 16. b4 Ncd7 17. dxc6 Bxc6 18. Bg5 h6 19. Bxf6 Nxf6 20. Qd3 Qb6 21. Rad1
Red8 22. Nh2 Bb7 23. Ng4 Nxg4 24. hxg4 Rac8 25. Nf5 Qc6 26. Re3 g6 27. Nh4 d5
28. exd5 Rxd5 29. Qxd5 Qxd5 30. Rxd5 Bxd5 31. Bb3 Bxb3 32. axb3 Bg7 33. Nf3 e4
1/2-1/2

[Event "Dundee & Angus Challengers Rd3"]
[Site "?"]
[Date "2008.??.??"]
[Round "?"]
[White "Aitchison, Keith"]
[Black "Morrison, George"]
[Result "1/2-1/2"]
[WhiteElo "1626"]
[BlackElo "1556"]
[PlyCount "84"]

1. e4 e5 2. Nf3 d6 3. Bc4 Bg4 4. c3 Be6 5. Bxe6 fxe6 6. Qb3 Qc8 7. d4 exd4 8.
cxd4 Be7 9. Bg5 h6 10. Bh4 Bxh4 11. Nxh4 Ne7 12. Qf3 g5 13. Qh5+ Kd7 14. Nf3
Qf8 15. Nc3 Na6 16. d5 Qf6 17. Qg4 Rae8 18. O-O Kd8 19. Rac1 exd5 20. Nxd5 Nxd5
21. exd5 Qf7 22. Qd4 b6 23. Qc4 Nb8 24. Nd4 Kc8 25. Nb5 Kb7 26. Qxc7+ Qxc7 27.
Rxc7+ Ka6 28. Nxd6 Re2 29. Rb1 Rd8 30. a4 Rxd6 31. b4 b5 32. axb5+ Kxb5 33.
Rc5+ Kb6 34. Kf1 Rd2 35. Rc8 Kb7 36. Rbc1 R2xd5 37. R1c7+ Ka8 38. Rh8 Rb5 39.
Rhh7 Ra6 40. g3 Rxb4 41. Kg2 g4 42. h3 gxh3+ 1/2-1/2

[Event "Dundee & Angus Challengers Rd3"]
[Site "?"]
[Date "2008.??.??"]
[Round "?"]
[White "Monaghan, Mark"]
[Black "Clifford, John"]
[Result "1/2-1/2"]
[WhiteElo "1645"]
[BlackElo "1776"]
[PlyCount "96"]

1. d4 d5 2. c4 c6 3. Nc3 Nf6 4. Nf3 h6 5. Bf4 Bf5 6. Ne5 Nbd7 7. e3 e6 8. cxd5
exd5 9. Be2 Nxe5 10. dxe5 Ne4 11. Nxe4 Bxe4 12. O-O Be7 13. e6 O-O 14. exf7+
Rxf7 15. Bh5 Rf8 16. Qg4 Bf5 17. Qg3 Bh4 18. Qf3 Bg5 19. Rfe1 Qf6 20. Qe2 Rad8
21. Bc7 Rd7 22. Ba5 g6 23. Bf3 Re8 24. Bg4 c5 25. Bxf5 Qxf5 26. Qb5 b6 27. Bc3
Rde7 28. Red1 h5 29. Qc6 Rd8 30. f4 Bh6 31. Be5 Red7 32. Re1 Bg7 33. Bxg7 Kxg7
34. Rad1 Qf6 35. Qb5 d4 36. g3 h4 37. e4 h3 38. e5 Qe6 39. Qf1 a5 40. b3 Rh8
41. Rd3 b5 42. Rf3 Qd5 43. Qxb5 Qxf3 44. Qxd7+ Kf8 45. Qd8+ Kg7 46. Qf6+ Kg8
47. Qxg6+ Kf8 48. Qf6+ Kg8 1/2-1/2

[Event "Dundee & Angus Challengers Rd3"]
[Site "?"]
[Date "2008.??.??"]
[Round "?"]
[White "Egbaiyelo, Ade"]
[Black "Siddall, David"]
[Result "1-0"]
[WhiteElo "1650"]
[BlackElo "1661"]
[PlyCount "117"]

1. d4 d5 2. c4 Nc6 3. Nc3 dxc4 4. e3 e5 5. d5 Na5 6. e4 c6 7. Nf3 Bd6 8. dxc6
bxc6 9. Be2 Nf6 10. O-O O-O 11. Bg5 h6 12. Bxf6 Qxf6 13. Qa4 Bc7 14. Nd2 Rd8
15. Rad1 Bb6 16. Nxc4 Rxd1 17. Qxd1 Nxc4 18. Bxc4 Qg6 19. Qf3 Be6 20. Bxe6 Qxe6
21. Rd1 Bd4 22. b3 Qd6 23. g3 Rd8 24. Kg2 Qb4 25. Rd3 Rd6 26. Nd1 Qe1 27. Ne3
Rf6 28. Nf5 Kh7 29. Rd1 Qa5 30. Qe2 c5 31. Rd2 Qb4 32. Rc2 Qb7 33. f3 a5 34.
Rc4 Rb6 35. Ne3 Rb4 36. Nd5 Rxc4 37. Qxc4 Kg8 38. a4 Kf8 39. Qb5 Qa7 40. Nb6 c4
41. Nxc4 Bg1 42. Qxe5 Qf2+ 43. Kh3 Qxf3 44. Qb8+ Ke7 45. Qb7+ Kf8 46. Qc8+ Ke7
47. Qc7+ Kf6 48. Qxf7+ Kxf7 49. Ne5+ Ke6 50. Nxf3 Bc5 51. Kg2 Kd6 52. Kf1 g5
53. h3 Bb6 54. Ke2 Kc5 55. Kd3 Kb4 56. Nd4 Bc7 57. g4 Bf4 58. Kc2 Kc5 59. Nf5
1-0

[Event "Dundee & Angus Challengers Rd3"]
[Site "?"]
[Date "2008.??.??"]
[Round "?"]
[White "Flockhart, Hugh"]
[Black "Rough, Robert"]
[Result "1-0"]
[WhiteElo "1767"]
[BlackElo "1507"]
[PlyCount "75"]

1. e4 e5 2. Bc4 d6 3. c3 Nf6 4. d3 Be7 5. Nf3 O-O 6. O-O Nc6 7. Nbd2 Na5 8. Bb5
a6 9. Ba4 b5 10. Bc2 c5 11. Re1 Nc6 12. Nf1 Re8 13. Ng3 Qc7 14. h3 Bd7 15. Bg5
Qc8 16. Nh4 h6 17. Bxf6 Bxf6 18. Nhf5 Bxf5 19. Nxf5 Qc7 20. Qg4 Kh7 21. Rad1 g6
22. Ne3 Bg7 23. Nd5 Qb7 24. f4 exf4 25. Qxf4 Be5 26. Nf6+ Bxf6 27. Qxf6 Qe7 28.
Rf1 Qxf6 29. Rxf6 Re7 30. Rxd6 Ne5 31. Rf1 Raa7 32. b3 c4 33. d4 Nd3 34. e5
Nxe5 35. dxe5 Rxe5 36. bxc4 bxc4 37. Rc6 Re2 38. Rf2 1-0

[Event "Dundee & Angus Challengers Rd3"]
[Site "?"]
[Date "2008.??.??"]
[Round "?"]
[White "Smith, John"]
[Black "Roy, Bappa"]
[Result "0-1"]
[WhiteElo "1653"]
[BlackElo "1599"]
[PlyCount "126"]

1. e4 e5 2. Nf3 Nc6 3. Bc4 Bc5 4. O-O Nf6 5. d4 Bxd4 6. Nxd4 Nxd4 7. Bg5 d6 8.
f4 Be6 9. Bxe6 Nxe6 10. Bxf6 Qxf6 11. f5 Nc5 12. Nc3 O-O-O 13. b4 Nd7 14. Nd5
Qh4 15. Qd3 Nf6 16. Nxf6 gxf6 17. Qe3 Kb8 18. a4 Rdg8 19. b5 Qg5 20. Qf2 Qg4
21. Qf3 Qxf3 22. Rxf3 Rg4 23. Re3 Rhg8 24. g3 h5 25. Kf2 Kc8 26. c4 h4 27. a5
Kd7 28. Rd1 hxg3+ 29. Rxg3 Rf4+ 30. Ke3 Rh8 31. c5 Rxh2 32. cxd6 cxd6 33. Rg7
Rh3+ 34. Ke2 Rxe4+ 35. Kf2 Ke7 36. Rc1 Kf8 37. Rgg1 Rf4+ 38. Ke2 Rxf5 39. Rc8+
Ke7 40. Rgg8 Ke6 41. Rge8+ Kd5 42. Re7 Rff3 43. Rxb7 Rb3 44. Kf2 Rb2+ 45. Kg1
Ra3 46. Rc1 Rxa5 47. Rxf7 Ke6 48. Rh7 Rbxb5 49. Rh6 e4 50. Rf1 Rf5 51. Re1 d5
52. Rc1 Ra2 53. Rh7 a5 54. Rc6+ Ke5 55. Rd7 a4 56. Rc5 Kd4 57. Ra5 e3 58. Re7
Re5 59. Raa7 e2 60. Rxe5 fxe5 61. Kf2 e4 62. Rh7 e3+ 63. Ke1 Kd3 0-1

[Event "Dundee & Angus Challengers Rd3"]
[Site "?"]
[Date "2008.??.??"]
[Round "?"]
[White "Will, Douglas"]
[Black "Chapman, Nigel"]
[Result "1-0"]
[WhiteElo "1737"]
[BlackElo "1601"]
[PlyCount "45"]

1. e4 d5 2. d4 dxe4 3. Nc3 Nf6 4. f3 exf3 5. Nxf3 e6 6. Bd3 Be7 7. O-O O-O 8.
Bf4 Nbd7 9. Qe1 Nh5 10. Be3 c5 11. d5 exd5 12. Nxd5 Nhf6 13. Qh4 Re8 14. Ne5 h6
15. Nxf7 Kxf7 16. Bc4 Kg8 17. Nf4+ Kh7 18. Ne6 Qb6 19. Ng5+ Kh8 20. Nf7+ Kh7
21. Bxh6 Nh5 22. Qxh5 Bf6 23. Ng5+ 1-0

[Event "Dundee & Angus Challengers Rd3"]
[Site "?"]
[Date "2008.??.??"]
[Round "?"]
[White "Mulken, Nanning Van"]
[Black "McIntee, Chris"]
[Result "0-1"]
[WhiteElo "1489"]
[BlackElo "1730"]
[PlyCount "58"]

1. d4 f5 2. Nc3 d5 3. g3 c6 4. Nf3 Nf6 5. Bg2 e6 6. Bg5 Bd6 7. e3 O-O 8. O-O
Bd7 9. Nd2 Be8 10. Nb3 Nbd7 11. Ne2 Bh5 12. Qd2 Qe8 13. Bf4 e5 14. dxe5 Nxe5
15. Bxe5 Bxe5 16. c3 Ne4 17. Qc2 Kh8 18. Nbd4 Qd7 19. Nf4 Bf7 20. Bh3 g6 21.
Nf3 Bg7 22. Nd3 Qe7 23. Nd2 a5 24. Nxe4 dxe4 25. Nc1 a4 26. Rd1 a3 27. bxa3
Rxa3 28. Nb3 Rfa8 29. Nc1 Rxc3 0-1

[Event "Dundee & Angus Challengers Rd3"]
[Site "?"]
[Date "2008.??.??"]
[Round "?"]
[White "Campbell, Eoin"]
[Black "Murray, Frankie"]
[Result "1-0"]
[WhiteElo "1767"]
[BlackElo "1607"]
[PlyCount "61"]

1. Nf3 d5 2. c4 e6 3. g3 c6 4. Bg2 Nf6 5. O-O Be7 6. d4 b5 7. c5 a5 8. Nbd2 Ba6
9. Qc2 b4 10. Re1 O-O 11. e4 Nxe4 12. Nxe4 dxe4 13. Rxe4 Bf6 14. Bf4 Bb5 15.
Bd6 Be7 16. Bxe7 Qxe7 17. Rh4 g6 18. Re1 Nd7 19. Ne5 Nxe5 20. dxe5 Kg7 21. Rd1
Ra6 22. Rd6 Qg5 23. f4 Qe7 24. Qd2 Qa7 25. f5 Qxc5+ 26. Kh1 Qxe5 27. Qh6+ Kf6
28. Rxe6+ fxe6 29. Qxf8+ Kg5 30. Qd8+ Kxf5 31. Bh3# 1-0

[Event "Dundee & Angus Challengers Rd4"]
[Site "?"]
[Date "2008.??.??"]
[Round "?"]
[White "Siddall, David"]
[Black "McDonald, Ian"]
[Result "1/2-1/2"]
[WhiteElo "1661"]
[BlackElo "1481"]
[PlyCount "117"]

1. d4 d5 2. Nf3 Nf6 3. c4 e6 4. g3 dxc4 5. Bg2 Nc6 6. O-O Bd6 7. Nbd2 O-O 8.
Nxc4 Qe7 9. Nfe5 Bxe5 10. Nxe5 Nxe5 11. dxe5 Nd7 12. Qd4 Nb6 13. Rd1 c6 14. Bd2
Rd8 15. Bb4 Rxd4 16. Bxe7 Rxd1+ 17. Rxd1 Nd7 18. f4 f5 19. Kf2 Kf7 20. Ba3 Nb6
21. Bc5 Nd5 22. e4 fxe4 23. Bxe4 g6 24. h4 h5 25. Kf3 b6 26. Bd6 Bb7 27. Rg1
Rh8 28. g4 hxg4+ 29. Rxg4 Rh6 30. Bb8 a6 31. Ba7 b5 32. Bc5 Nc7 33. Bf2 Nd5 34.
Rg1 Ne7 35. Rd1 Nd5 36. Kg4 Ba8 37. Kg5 Rh5+ 38. Kg4 Rh6 39. Bc5 Bb7 40. Bf2
Bc8 41. Rc1 Bb7 42. Kf3 Ba8 43. Rg1 Ne7 44. Rg4 Bb7 45. Ke3 Rh8 46. Kf3 Rh6 47.
Bc5 Nf5 48. Bf2 Ne7 49. Rg1 Nd5 50. a4 bxa4 51. Ra1 Rh8 52. Rxa4 Rc8 53. Bc5
Rc7 54. Ra3 Rc8 55. Rb3 Rc7 56. Kg4 Kg7 57. Kg5 Rd7 58. Bxg6 Nxf4 59. Be8
1/2-1/2

[Event "Dundee & Angus Challengers Rd4"]
[Site "?"]
[Date "2008.??.??"]
[Round "?"]
[White "Flockhart, Hugh"]
[Black "Aitchison, Keith"]
[Result "1-0"]
[WhiteElo "1767"]
[BlackElo "1626"]
[PlyCount "63"]

1. e4 c6 2. Nc3 d5 3. Nf3 d4 4. Ne2 c5 5. Ng3 Bg4 6. h3 Bxf3 7. Qxf3 e5 8. Bc4
Nf6 9. d3 g6 10. h4 h5 11. Bg5 Nbd7 12. O-O Bg7 13. a3 Qb6 14. b4 O-O 15. Rfb1
Qd6 16. bxc5 Nxc5 17. Ne2 b6 18. a4 Rac8 19. a5 Ncxe4 20. axb6 axb6 21. Ra6
Nxg5 22. hxg5 e4 23. Qg3 Qxg3 24. Nxg3 exd3 25. cxd3 Nd7 26. Ne4 Nc5 27. Nxc5
Rxc5 28. f4 b5 29. Rxb5 Rxb5 30. Bxb5 Kh7 31. Bc6 Re8 32. Bxe8 1-0

[Event "Dundee & Angus Challengers Rd4"]
[Site "?"]
[Date "2008.??.??"]
[Round "?"]
[White "Smith, John SR"]
[Black "MacRae, James"]
[Result "1-0"]
[WhiteElo "1738"]
[BlackElo "1611"]
[PlyCount "71"]

1. e4 Nc6 2. Nf3 d6 3. d4 Nf6 4. Nc3 Bg4 5. Be3 e6 6. Bb5 a6 7. Be2 Be7 8. Qd2
Bh5 9. a3 Ng4 10. O-O-O Nxe3 11. fxe3 O-O 12. h3 f5 13. exf5 exf5 14. Kb1 d5
15. Rdg1 Bf6 16. g4 fxg4 17. hxg4 Bg6 18. Bd3 Bg5 19. Bxg6 hxg6 20. Ne5 Nxe5
21. dxe5 c6 22. Qh2 Rf3 23. Qh7+ Kf7 24. Rf1 Rxf1+ 25. Rxf1+ Ke8 26. Qxg6+ Kd7
27. Rf7+ Be7 28. Qd6+ Ke8 29. Qg6 Kd7 30. Rxg7 Qf8 31. Qf5+ Qxf5 32. gxf5 Ke8
33. f6 Bf8 34. Rxb7 Bh6 35. Rh7 Bf8 36. e6 1-0

[Event "Dundee & Angus Challengers Rd4"]
[Site "?"]
[Date "2008.??.??"]
[Round "?"]
[White "Morrison, George"]
[Black "Will, Douglas"]
[Result "0-1"]
[WhiteElo "1556"]
[BlackElo "1737"]
[PlyCount "72"]

1. e4 e5 2. Nf3 Nc6 3. Bc4 Nf6 4. d3 Be7 5. O-O O-O 6. Bg5 h6 7. Bh4 d6 8. c3
Be6 9. Nbd2 Ng4 10. Bxe6 fxe6 11. Qb3 Bxh4 12. Qxe6+ Kh7 13. Qxg4 Rf4 14. Qh3
Be7 15. g3 Rf7 16. Qg2 g5 17. Nc4 Qg8 18. Nfd2 Raf8 19. Ne3 Bd8 20. a3 Ne7 21.
f3 c6 22. Qe2 Bb6 23. Ndc4 Bc7 24. Rf2 d5 25. Nd2 Bb6 26. Raf1 Qg6 27. Kg2 h5
28. Nb3 dxe4 29. fxe4 Rxf2+ 30. Rxf2 Rxf2+ 31. Qxf2 h4 32. Qf3 h3+ 33. Kf1 Bxe3
34. Qxe3 Qf7+ 35. Ke2 Qxb3 36. Qxg5 Qxb2+ 0-1

[Event "Dundee & Angus Challengers Rd4"]
[Site "?"]
[Date "2008.??.??"]
[Round "?"]
[White "McIntee, Chris"]
[Black "Chalmers, Bruce"]
[Result "1-0"]
[WhiteElo "1730"]
[BlackElo "1372"]
[PlyCount "43"]

1. e4 d6 2. d4 Nf6 3. Nc3 c6 4. Be3 Qb6 5. b3 Ng4 6. Bc1 e5 7. Nf3 exd4 8. Na4
Qc7 9. Qxd4 Ne5 10. Bb2 Nbd7 11. Be2 Be7 12. Rd1 O-O 13. c4 c5 14. Qd2 Nf6 15.
Nc3 Bg4 16. h3 Bxf3 17. gxf3 Qa5 18. Rc1 a6 19. Rg1 Qc7 20. f4 Nc6 21. Nd5 Nxd5
22. Rxg7+ 1-0

[Event "Dundee & Angus Challengers Rd4"]
[Site "?"]
[Date "2008.??.??"]
[Round "?"]
[White "Campbell, Eoin"]
[Black "Stevenson, Frank"]
[Result "1-0"]
[WhiteElo "1767"]
[BlackElo "1636"]
[PlyCount "50"]

1. d4 Nf6 2. e3 g6 3. Nf3 Bg7 4. c4 O-O 5. Bd3 d6 6. Nc3 Nbd7 7. O-O e5 8. dxe5
dxe5 9. e4 c6 10. Qe2 Qc7 11. h3 Re8 12. Be3 Nh5 13. Rfd1 Nf4 14. Qc2 Nf8 15.
Bf1 Be6 16. Ng5 Rad8 17. Nxe6 N8xe6 18. g3 Nd4 19. Qa4 Nfe6 20. b4 f5 21. Rac1
f4 22. gxf4 exf4 23. Bxd4 Nxd4 24. Qxa7 f3 25. Re1 Qf4 1-0